| 000 | 00737nam a2200253Ia 4500 | ||
|---|---|---|---|
| 003 | OSt | ||
| 005 | 20221005073357.0 | ||
| 006 | a|||||r|||| 00| 0 | ||
| 007 | ta | ||
| 008 | 221004b |||||||| |||| 00| 0 eng d | ||
| 020 | _a9789350291900 (hbk) | ||
| 024 | _a121130 | ||
| 037 |
_bGift, 14/09/2012, _cTextual |
||
| 040 |
_aCRL _cCRL _beng |
||
| 041 |
_2eng _aeng |
||
| 082 | _aQ20j6, Q1 | ||
| 100 |
_aMalhotra Rajiv _9419284 |
||
| 245 | 0 |
_aBeing different _b An indian challenge to western universalism |
|
| 260 |
_aNew Delhi _bHarper Collins Pub India _c2011 |
||
| 300 |
_avii, 474p. _ccm. |
||
| 650 | _aRELIGION | ||
| 942 |
_hQ20j6, Q1 _cTEXL _2cc |
||
| 999 |
_c981025 _d981025 |
||